| 000 | 00876cam a22002775a 4500 | ||
|---|---|---|---|
| 001 | 11778504 | ||
| 005 | 20171030102237.0 | ||
| 008 | 990802t2000 mau frb 001 0 eng d | ||
| 010 | _a 99043581 | ||
| 020 | _a020161622X | ||
| 020 | _a9780201616224 | ||
| 035 | _a(DLC) 99043581 | ||
| 040 |
_aDLC _beng _cDLC _dDLC _dEG-ScBUE |
||
| 082 | 0 | 4 |
_a005.1 _bHUN _222 |
| 100 | 1 |
_aHunt, Andrew, _d1964- |
|
| 245 | 1 | 4 |
_aThe pragmatic programmer : _bfrom journeyman to master / _cAndrew Hunt, David Thomas ; foreword by Ward Cunningham. |
| 260 |
_aBoston : _bAddison-Wesley, _cc.2000. |
||
| 300 |
_axxiv, 321 p. ; _c24 cm. |
||
| 504 | _aIncludes bibliographical references and index. | ||
| 650 | 7 |
_aComputer programming. _2BUEsh |
|
| 651 | _2BUEsh | ||
| 653 |
_bGGEN _bCOMSCI _cOctober2017 |
||
| 655 |
_vReading book _934232 |
||
| 700 | 1 |
_aThomas, David, _d1956- |
|
| 942 | _2ddc | ||
| 999 |
_c25520 _d25492 |
||